000
00301nam a22001337a 4500
008
170915b xxu||||| |||| 00| 0 eng d
020
_a
9780671635145
041
_a
eng
080
_a
7
100
_a
44
101
_a
ART
245
_a
DRAWING ON THE ARTISTS WITHIN
_c
EDWARDS.B
942
_2
udc
_c
BK
999
_c
27840
_d
27840